[Event "FRA-ch U16 Girls"]
[Site "Calvi"]
[Date "2005.04.19"]
[Round "3"]
[White "Hamman, Sophie"]
[Black "Belloc, Sidonie"]
[Result "1/2-1/2"]
[WhiteElo "1750"]
[BlackElo "1570"]
[PlyCount "80"]
[EventDate "2005.04.??"]
[EventType "swiss"]
[EventRounds "9"]
[EventCountry "FRA"]
[SourceTitle "EXT 2006"]
[Source "ChessBase"]
[SourceDate "2005.11.24"]
[SourceVersion "1"]
[SourceVersionDate "2005.11.24"]
[SourceQuality "1"]

1. e4 e6 2. d4 d5 3. Nd2 Nf6 4. e5 Nfd7 5. Bd3 c5 6. c3 Nc6 7. Ne2 Qb6 8. Nf3 Be7 9. 0-0 0-0 10. Nf4 cxd4 11. cxd4 h6 12. Bc2 Re8 13. Qd3 Nf8 14. a3 Bd7 15. Re1 Na5 16. b4 Bb5 17. bxa5 Bxd3 18. axb6 Bxc2 19. Re2 Ba4 20. bxa7 Rxa7 21. Bb2 Rea8 22. Re3 Nd7 23. Rc3 Bc6 24. Nd3 Nb6 25. Nd2 Na4 26. Rb3 Nxb2 27. Rxb2 Rxa3 28. Rxa3 Rxa3 29. Rb3 Ra1+ 30. Rb1 Rxb1+ 31. Nxb1 b5 32. Kf1 Kf8 33. Ke1 Ke8 34. Kd2 Kd8 35. Kc3 Kc7 36. Nd2 Kb6 37. Nb3 f6 38. f4 Bd7 39. Nbc5 Bc8 40. Kb4 fxe5 1/2-1/2

[Event "France-ch U14 Girls"]
[Site "Reims"]
[Date "2004.04.19"]
[Round "2"]
[White "Hamman, Sophie"]
[Black "Fernandez, Laura"]
[Result "0-1"]
[WhiteElo "1700"]
[BlackElo "2000"]
[PlyCount "116"]
[EventDate "2004.04.??"]
[EventType "swiss"]
[EventRounds "9"]
[EventCountry "FRA"]
[SourceTitle "EXT 2005"]
[Source "ChessBase"]
[SourceDate "2004.11.15"]
[SourceVersion "1"]
[SourceVersionDate "2004.11.15"]
[SourceQuality "1"]

1. e4 e5 2. Nf3 Nc6 3. Bb5 a6 4. Bxc6 dxc6 5. 0-0 Bd6 6. d4 Bg4 7. dxe5 Bxf3 8. Qxf3 Bxe5 9. Nc3 Nf6 10. Re1 Qd6 11. h3 0-0-0 12. Bg5 Kb8 13. a3 Rde8 14. Rad1 Qe7 15. Re2 Bd6 16. Rde1 Qe5 17. Qg3 Qxg3 18. fxg3 Bxg3 19. Rf1 Be5 20. Bf4 Bxc3 21. bxc3 Rxe4 22. Rxe4 Nxe4 23. Be3 f6 24. c4 Nd6 25. c5 Nc4 26. a4 Nxe3 27. Rf2 Rd8 28. Re2 Rd1+ 29. Kf2 Nf5 30. g4 Nd4 31. Re8+ Ka7 32. Re7 Rd2+ 33. Kg3 Rxc2 34. Rxg7 Ne6 35. Rxh7 Rc3+ 36. Kg2 Rxc5 37. h4 Rc4 38. Kg3 Rxa4 39. h5 Ng5 40. Rg7 Ra3+ 41. Kg2 Re3 42. h6 a5 43. h7 Nxh7 44. Rxh7 Kb6 45. Rf7 Re6 46. Kf3 a4 47. Kf4 a3 48. Rh7 Kb5 49. Kf5 Rd6 50. Rh6 Rd5+ 51. Ke4 Re5+ 52. Kf4 Re1 53. Rh2 Kc4 54. Kf5 Kb3 55. Kxf6 a2 56. Rxa2 Kxa2 57. g5 Rg1 58. g6 Rxg6+ 0-1